000
00331nam a22001457a 4500
008
210527b ||||| |||| 00| 0 eng d
020
_a
9780898794076
041
_a
eng
080
_a
371
082
_a
371
100
_a
46
101
_a
EDU
245
_a
The Complete Guide to Writing Biographies
_c
Schwarz,T
942
_2
udc
_c
BK
999
_c
57730
_d
57730